Hospodárstvo Slovenska a prechod k trhu

Salvato in:
Dettagli Bibliografici
Natura: Libro
Lingua:slovacco
Pubblicazione: Bratislava Bradlo 1991
Edizione:1. vyd.
Tags: Aggiungi Tag
Nessun Tag, puoi essere il primo ad aggiungerne!!

MARC

LEADER 00000nam a2200000 4500
001 c024477
005 20221214101604.2
041 0 |a slo 
044 |a SK 
245 1 0 |a Hospodárstvo Slovenska a prechod k trhu 
250 |a 1. vyd. 
264 1 |a Bratislava  |b Bradlo  |c 1991 
300 |a 191 s.